000 01095nas a2200349 4500
001 BR2018002563
003 BR-BrBNA
005 20231205131504.0
007 ta
008 230509b bl.|||p| |||| 00| 00por d
040 _aBR-BrBNA
_bpor
_cBiblioteca Nacional de Agricultura
041 _a(En)
072 _aF61
100 1 _aSilva, E.M. da
100 1 _aLima, G.S. de
100 1 _aGheyi, H.R.
100 1 _aNobre, R.G.
100 1 _aSá, F.V. da S.
100 1 _aSouza, L. de P.
245 1 _aGrowth and gas exchanges in soursop under irrigation with saline water and nitrogen sources
650 _aGRAVIOLA
650 _aFRUTA TROPICAL
650 _aADUBAÇÃO
650 _aIRRIGAÇÃO
650 _aNITROGÊNIO
650 _aFOTOSSÍNTESE
650 _aSALINIDADE
773 0 _tRevista Brasileira de Engenharia Agrícola e Ambiental (Brazil)
_xISSN 1807-1929
_g(Nov 2018), v. 22(11) p. 776-781
_wBR2018002563
856 4 0 _uhttp://www.scielo.br/pdf/rbeaa/v22n11/1415-4366-rbeaa-22-11-0776.pdf
909 _a202311
_bLúcia
_c55
_dLúcia Elande
942 _2AGRIS
_n0
_cANA
999 _c255096
_d255096